Catálogo público

Diccionario de especialidades agroquímicas 2024 / (Record no. 217208)

MARC details
000 -CABECERA
campo de control de longitud fija 03999nam a2200373 a 4500
003 - IDENTIFICADOR DEL NÚMERO DE CONTROL
campo de control CHAP
005 - FECHA Y HORA DE LA ÚLTIMA TRANSACCIÓN
campo de control 20250701103827.0
007 - CAMPO FIJO DE DESCRIPCIÓN FÍSICA--INFORMACIÓN GENERAL
campo de control de longitud fija ta
008 - DATOS DE LONGITUD FIJA--INFORMACIÓN GENERAL
campo de control de longitud fija 220602s2024 mx o frd 001 0 spa d
020 ## - NÚMERO INTERNACIONAL ESTÁNDAR DEL LIBRO
Número Internacional Estándar del Libro 978-607-625-106-5
040 ## - FUENTE DE LA CATALOGACIÓN
Centro catalogador/agencia de origen mxchpua
Centro/agencia transcriptor CHAP
Normas de descripción rda
041 ## - CÓDIGO DE LENGUA
Código de lengua del texto/banda sonora o título independiente spa
Código de lengua del sumario o resumen spa
Código de lengua de la tabla de contenido spa
Código de lengua original spa
050 1# - SIGNATURA TOPOGRÁFICA DE LA BIBLIOTECA DEL CONGRESO
Número de clasificación S584.4
Número de documento/Ítem .D53 2024
082 ## - NÚMERO DE LA CLASIFICACIÓN DECIMAL DEWEY
Número de edición 20
Número de clasificación C 668.60294
Número de documento/Ítem D53 2024
245 10 - MENCIÓN DE TÍTULO
Título Diccionario de especialidades agroquímicas 2024 /
Mención de responsabilidad, etc. coordinadora Magdalena Herrera M.
250 ## - MENCIÓN DE EDICIÓN
Mención de edición 34a edición
264 ## - PRODUCCIÓN, PUBLICACIÓN, DISTRIBUCIÓN, FABRICACIÓN Y COPYRIGHT
Producción, publicación, distribución, fabricación y copyright México :
Nombre del de productor, editor, distribuidor, fabricante PLM,
Fecha de producción, publicación, distribución, fabricación o copyright 2024
300 ## - DESCRIPCIÓN FÍSICA
Extensión 1v. (en varias paginaciones) :
Otras características físicas tablas, fotos
336 ## - TIPO DE CONTENIDO
Fuente rdacontent
Término de tipo de contenido texto
Código de tipo de contenido txt
337 ## - TIPO DE MEDIO
Fuente rdamedia
Nombre/término del tipo de medio no mediado
Código del tipo de medio n
338 ## - TIPO DE SOPORTE
Fuente rda
Nombre/término del tipo de soporte volumen
Código del tipo de soporte nc
505 0# - NOTA DE CONTENIDO CON FORMATO
Nota de contenido con formato ÍNDICES --<br/>Índice general --<br/>Índice de usos agrícolas --<br/>Índice de ingedientes activos --<br/>Índice de cultivos --<br/>DICCIONARIO DE PRODUCTOS --<br/>SECCIÓN SEMILLAS --<br/>Diccionario de semillas --<br/>Índice de cultivos de semillas
520 2# - SUMARIO, ETC.
Sumario, etc. PLM ha cumplido, una vez más, con su compromiso de recopilar, organizar y presentar la información más relevante y actual del mercado agrícola, la nutrición vegetal y las semillas dentro del inmenso campo de las ciencias agrícolas Este gran esfuerzo se ha consolidado, con enorme gusto, a través de la presente 34* edición del Diccionario de Especialidades Agroquímicas (DEAQ) 2024. los Desde sus orígenes, esta obra surgió con el propósito tanto de resolver las necesidades informativas inherentes al manejo y uso de los productos agroquímicos como de mantener actualizados a profesionales de la producción agrícola en México. Como en cada edición, esta obra contiene el Diccionario de Productos y el Diccionario de Semillas, en los cuales los profesionales de la agricultura, de alimentos a horticultura, la ingeniería forestal, agroindustrial y agroecología, dispondrán de la información más reciente de los productos y semillas disponibles en el mercado mexicano enfocados a la producción Quienes trabajamos en PLM lo hacemos con los más altos estándares de calidad para recuperar y estructurar toda esta información en un volumen con el fin de apoyar a los profesionales de la producción agrícola de México en sus tareas del día a día. Además de los contenidos ya mencionados, esta nueva edición del DEAQ cuenta con cuatro índices: General: Abarca los nombres comerciales de los diferentes productos agroquímicos participantes en esta edición. Usos agrícolas: Detalla el uso común de los químicos en la agricultura. Ingredientes activos: Aborda los nombres genéricos de los diferentes químicos agrícolas. Cultivos: Incluye los nombres de las diferentes variedades de cultivos agrícolas en los que se pueden Utilizar los productos descritos en esta edición. Asimismo, la segunda sección de este DEAQ está especializada en Semillas, y cuenta con la información clave y más confiable para su adquisición, manejo y uso. Nuestros equipos editorial y científico trabajan para contribuir positivamente en el desarrollo de la práctica profesional de quienes se remiten a PLM para consultar y solucionar sus dudas. Toda esta información se encuentra a su alcance, tanto aquí publicada como en nuestros canales digitales, ya sea a página http //wwwagroquimicos-organicosplm.com/ o bien en aplicación PLM Agroquímicos (disponible para Android e i0S). PLM agradece una vez más la confianza de los profesionales de la industria agrícola con esta edición del Diccionario de Especialidades Agroquímicas (DEAQ). 
650 13 - PUNTO DE ACCESO ADICIONAL DE MATERIA--TÉRMINO DE MATERIA
Término de materia o nombre geográfico como elemento de entrada Plaguicidas
Fuente del encabezamiento o término atg
Subdivisión general Diccionarios
9 (RLIN) 87535
650 13 - PUNTO DE ACCESO ADICIONAL DE MATERIA--TÉRMINO DE MATERIA
Término de materia o nombre geográfico como elemento de entrada Fertilizantes
Subdivisión general Diccionarios
Fuente del encabezamiento o término atg
9 (RLIN) 40470
650 13 - PUNTO DE ACCESO ADICIONAL DE MATERIA--TÉRMINO DE MATERIA
Término de materia o nombre geográfico como elemento de entrada Agroquímicos
Subdivisión de forma Diccionarios
Fuente del encabezamiento o término atg
9 (RLIN) 190738
650 13 - PUNTO DE ACCESO ADICIONAL DE MATERIA--TÉRMINO DE MATERIA
Término de materia o nombre geográfico como elemento de entrada Pesticides
Subdivisión de forma Dictionaries
Fuente del encabezamiento o término atg
9 (RLIN) 162989
650 13 - PUNTO DE ACCESO ADICIONAL DE MATERIA--TÉRMINO DE MATERIA
Término de materia o nombre geográfico como elemento de entrada Fertilizers
Subdivisión de forma Dictionaries
9 (RLIN) 151083
650 13 - PUNTO DE ACCESO ADICIONAL DE MATERIA--TÉRMINO DE MATERIA
Término de materia o nombre geográfico como elemento de entrada Agrochemicals
Subdivisión de forma Dictionaries
Fuente del encabezamiento o término atg
9 (RLIN) 190739
700 1# - PUNTO DE ACCESO ADICIONAL--NOMBRE DE PERSONA
Nombre de persona Herrera M., Magdalena
9 (RLIN) 144886
Término indicativo de función/relación coordinadora
942 ## - ELEMENTOS DE PUNTO DE ACCESO ADICIONAL (KOHA)
Tipo de ítem Koha Libro
Fuente del sistema de clasificación o colocación Dewey Decimal Classification
901 ## - ELEMENTOS DE DATOS A LOCAL LDA (RLIN)
a C 668.60294 D53 2024
902 ## - ELEMENTOS DE DATOS B LOCAL, LDB (RLIN)
a M
Holdings
Estado de retiro Estado de pérdida Fuente del sistema de clasificación o colocación Estado dañado Restricciones de uso No para préstamo Código de colección Localización permanente Ubicación/localización actual Fecha de adquisición Fuente de adquisición Número de inventario Total de préstamos Signatura topográfica completa Código de barras Fecha visto por última vez Número de copia Tipo de ítem Koha Precio válido a partir de
    Dewey Decimal Classification   Préstamo 5 días   Consulta Ingenieria Agroindustrial Ingenieria Agroindustrial 24/06/2025 Donación Donado por Biblioteca Central   C 668.60294 D53 2024 1103002791 02/06/2022 Ej. 2 Libro  
    Dewey Decimal Classification   Préstamo interno   Consulta Ingenieria Agroindustrial Ingenieria Agroindustrial 24/06/2025 Donación Donado por Biblioteca Central   C 668.60294 D53 2024 1103002790 02/06/2022 Ej. 1 Libro  
    Dewey Decimal Classification   Préstamo interno   Consulta Zootecnia Zootecnia 24/06/2025 Donación Donación   C 668.60294 D53 2024 5103000025 15/04/2026 Ej.1 Libro 15/04/2026